| 000 | 00756nam a22002177a 4500 | ||
|---|---|---|---|
| 008 | 240608b mp ||||| |||| 00| 0 mon d | ||
| 035 | _a13754 | ||
| 040 |
_aDU1548031 _bmon _cMN-UlNLM _dMN-UlNLM _erda |
||
| 041 | _amon | ||
| 042 | _a34400 | ||
| 084 |
_2NNA _a63.3(0) _bO-51 |
||
| 100 | _aОссендовски А.Ф. | ||
| 245 | 0 | _aХүн, араатан, бурхад | |
| 264 |
_aУлаанбаатар _c2000 |
||
| 300 | _a290 | ||
| 336 |
_2rdacontent _atext _btxt |
||
| 337 |
_2rdamedia _aunmediated _bn |
||
| 338 |
_2rdacarrier _avolume _bnc |
||
| 650 | _aДамбийжаа, Барон Унгерн, савдагийн тухай 1921 оны аян замын эргэцүүлэл-тэмдэглэл тэмдэглэл ... | ||
| 942 |
_2NNA _cBK |
||
| 999 |
_c838881 _d838938 |
||